Представление документа в формате MARC21

Поле Инд. ПП Название Значение
Тип записи a
Библиографический уровень b
001 Контрольный номер UNIDUBNAa37ee573837a41088fdfe83bc1ce516d
005 Дата корректировки 20230714135018.3
008 Кодируемые данные 20170331
040 b Код языка каталог. rus
e Правила каталог. PSBO
041 0_ a Код языка текста rus
084 a Индекс другой классификации/Индекс ББК 60.991.3; 74.664; 88.566.4; 88.93
100 1_ a Автор Травничек Б. Е.
245 10 a Заглавие Комплексное обеспечение службы медиации в организациях социального обслуживания для детей, оставшихся без попечения родителей
520 0_ a Аннотация Служба медиации - это служба примирения, урегулирования конфликтов с помощью независимого посредника. Ценность медиации заключается в помощи поиска способов и средств договороспособности участников конфликта, достижения медиативного соглашения на основе взаимоприемлемого решения.
650 14 a Основная рубрика педагогика
a Основная рубрика практическая психология (прикладная психология)
a Основная рубрика психокоррекция
a Основная рубрика психология
a Основная рубрика психология управления
a Основная рубрика социальная педагогика
a Основная рубрика социальная психология
653 0_ a Ключевые слова безнадзорность
a Ключевые слова группы риска
a Ключевые слова дети, оставшиеся без попечения родителей
a Ключевые слова медиация
a Ключевые слова несовершеннолетние
a Ключевые слова подростки
a Ключевые слова профилактика безнадзорности
a Ключевые слова психологическое сопровождение
a Ключевые слова психосоциальная реабилитация
a Ключевые слова реабилитационные центры
a Ключевые слова социальная адаптация
a Ключевые слова социальная интеграция
a Ключевые слова трудная жизненная ситуация
a Ключевые слова урегулирование конфликтов
a Ключевые слова центры социального обслуживания
773 08 t Заглавие источника Работник социальной службы
d Дата издания источника 2022
g Прочая информация № 6. - С. 26 - 30 : табл.
w Контрольный № источника UNIDUBNA819a4fc602bc4c6d8fffbca4a5023ac7
901 t Тип документа b